Historia de la cultura en la América Hispánica

Salvato in:
Dettagli Bibliografici
Autore principale: Henríquez Ureña, Pedro (Autore)
Natura: Libro
Lingua:spagnolo
Pubblicazione: Ciudad de México Fondo de Cultura Económica 1955
Edizione:3a. ed
Serie:Colección Popular, 5
Soggetti:
Tags: Aggiungi Tag
Nessun Tag, puoi essere il primo ad aggiungerne!!

MARC

LEADER 00000nam a2200000 a 4500
001 UCS9602
003 CL-VaPUC
008 971121e19550000MX |||||||||||||||||spa|d
082 0 4 |a 306.42  |b HEN  |2 21 
100 |a Henríquez Ureña, Pedro  |e author  |9 416432 
245 1 0 |a Historia de la cultura en la América Hispánica 
250 |a 3a. ed 
300 |a 173 p 
942 |c BK 
945 |d 19971121 00:00:00  |a rleighto 
260 |a Ciudad de México  |b Fondo de Cultura Económica  |c 1955 
650 0 |a Cultura  |9 269059 
650 0 |a Historia  |9 255047 
650 0 |a Culturas indígenas  |9 266389 
650 7 |a DESCUBRIMIENTO  |2 CL-VaPUC  |9 321428 
650 0 |a Colonialismo  |9 316469 
583 |a last modification  |c 20180319 01:01:26  |k Rodrigo Vera 
490 0 |a Colección Popular, 5 
999 |c 263381  |d 263379 
952 |0 0  |1 0  |4 0  |6 306_420000000000000_HEN_1955  |7 0  |8 A  |9 292648  |a BIBGIM  |b BIBGIM  |d 2019-11-19  |i 3363589  |o 306.42 HEN 1955  |p 3363589  |r 2025-01-15  |w 2019-11-19  |y BK  |k GIM